| 000 | 00768nam a22002055i 4500 | ||
|---|---|---|---|
| 001 | 98664 | ||
| 003 | ES-MaACL | ||
| 005 | 20231221145743.0 | ||
| 007 | t| | ||
| 008 | 950920s1885 sp ||||1| spa d | ||
| 040 |
_aCAM _bspa _cCAM |
||
| 100 | 1 |
_aElices Montes, Ramón. _946987 |
|
| 245 | 1 | 0 |
_aCuatro años en Méjico _b: memorias íntimas de un periodista español / _cpor Ramón Elices Montes; con un prólogo de Emilio Castelar y [Ripoll]. |
| 260 |
_aMadrid : _b[s.n.], _c1885 ( _fImp. de la Viuda de J.M. Pérez) |
||
| 300 |
_aXXIV, 384 p., [1] h. de lám. ; _c18 cm. |
||
| 500 | _aEn port. consta "tomo I", pero sólo se publicó éste. | ||
| 700 | 1 |
_aCastelar, Emilio, _d1832-1899 _936479 |
|
| 852 |
_aES-MaACL _jG-11681 |
||
| 999 |
_c98664 _d98664 |
||